Responses for Show #3753 - Wednesday, December 20, 2000

Contestants

[<< previous game]

Robin Jones, a technical editor and writer from Urbana, Illinois

Sameer Bakhda, a physician from San Diego, California

Melinda Croft, a stay-at-home mom from Kings Valley, Oregon (whose 1-day cash winnings total $2,500)

[next game >>]

Jeopardy! Round responses

THE 1980s
UNAUTHORIZED BIOGRAPHIES
MAMMALS
THE PHONE ZONE
SPECIAL "K"
(Alex: And finally, we have another exciting episode of our own saga...)
JEOPARDY! PLACE
    $100 21
Pandas

Melinda
    $100 26
Hanson

Robin
    $100 2
Zebra

Melinda
    $100 16
Hold

Sameer
    $100 8
Kelp

Melinda
    $100 1
[NOTE: Johnny Gilbert reads all the clues in this category.]

Perjury

Robin
    $200 22
Natalie Wood

Sameer
    $700 27
(less than a minute to go now...)

"Love Story"

Robin
    $200 3
Opossum

Melinda
    $200 17
202

Robin
    $200 9
kiwi

Robin
    $200 5
Thanksgiving

Sameer
    $300 23
Sugar Ray Leonard

Sameer
    $300 28
William Shatner

Robin
    $300 4
Dingo

Robin
    $300 18
1-800-COLLECT

Robin
    $300 11
Kaiser

Sameer
    $300 10
Fraternal

Sameer
    $400 24
"Raspberry Beret"

Robin
    $400 29
Marky Mark

Sameer
    $400 6
Anteater

Triple Stumper
    $400 19
American Telephone & Telegraph

Sameer
    $400 12
Kleptomania

Robin
    $400 13
Bob Woodward

Triple Stumper
    $500 25
Reye's syndrome

Sameer
    $500 30
David Merrick

Triple Stumper
    $500 7
Cetaceans

Sameer
    $500 20
Caller ID

Sameer
    $500 14
Wassily Kandinsky

Robin
    $500 15
(Alex: And with that clue, we bring to an end another exciting episode of "Jeopardy! Place"... we'd better take a break!)

Jennifer Aniston

Sameer

Scores at the first commercial break (after clue 15):

Melinda Sameer Robin
$400 $1,800 $1,500

Scores at the end of the Jeopardy! Round:

Melinda Sameer Robin
$500 $4,200 $3,500

Double Jeopardy! Round responses

THE KNIGHTS TEMPLAR
AUTHORS' MIDDLE NAMES
40 DEGREES NORTH LATITUDE
(Alex: Eh, give or take a few degrees!)
"LOVE" SONGS
CAROLS
OBSOLETE DEFINITIONS
    $200 26
(S: What is purity?)
(buzzer sounds)

Chastity, Obedience or Poverty

Sameer
Triple Stumper
    $200 21
(F.) Scott (Fitzgerald)

Melinda
    $200 6
Sardinia

Triple Stumper
    $200 12
Love themes

Melinda
    $200 1
Carol Burnett

Robin
    $200 7
Dowry

Robin
    $400 22
(a minute to go...)

(Sir Arthur) Conan (Doyle)

Robin
    $400 17
Reno

Triple Stumper
    $400 13
"Love Train"

Melinda
    $400 2
Alt

Robin
    $400 8
Base

Robin
    $600 23
(Robert) Louis (Stevenson)

Melinda
    $600 18
(S: What is Cuba?)

North Korea

Sameer
Triple Stumper
    $600 14
"If You Had My Love"

Triple Stumper
    $500 3
Carol Moseley Braun

Robin
    $600 9
Fatal

Sameer
    $2,000 24
(M: What is Leonard?)

(James) Fenimore (Cooper)

Melinda
    $800 19
(S: What are the Madeira Islands?)

Azores

MelindaSameer
    $800 15
"I Want To Know What Love Is"

Melinda
    $800 4
Sir Carol Reed

Triple Stumper
    $800 10
Lair

Triple Stumper
    $1000 25
(Edgar) Rice (Burroughs)

Triple Stumper
    $1000 20
Dayton

Triple Stumper
    $1000 16
"Our Love Is Here to Stay"

Sameer
    $1000 5
Carol Browner

Sameer
    $1000 11
Sport

Robin

Scores at the end of the Double Jeopardy! Round:

Melinda Sameer Robin
$1,500 $5,200 $6,600

[wagering suggestions for these scores]

Final Jeopardy! Round responses

BUSINESS NEWS
(Alex: Kind of a dry topic, maybe?)
MelindaWhat are M&Ms?
$1,500
SameerWhat are M&Ms?
$5,001
RobinWhat are M&M's?
$3,801
M&M's

Final scores:

Melinda Sameer Robin
$3,000 $10,201 $10,401
3rd place: MyPoints.com Gift Certificate 2nd place: Trip to Mexico City & Cabo San Lucas New champion: $10,401

Game dynamics:

Coryat scores:

Melinda Sameer Robin
$3,500 $5,200 $6,200
10 R,
1 W
(including 1 DD)
15 R,
3 W
18 R
(including 2 DDs),
0 W

Combined Coryat: $14,900

[game clues] [game scores] [suggest correction]

Game tape date: 2000-10-25
The J! Archive is created by fans, for fans. Scraping, republication, monetization, and malicious use prohibited; this site may use cookies and collect identifying information. See terms. The Jeopardy! game show and all elements thereof, including but not limited to copyright and trademark thereto, are the property of Jeopardy Productions, Inc. and are protected under law. This website is not affiliated with, sponsored by, or operated by Jeopardy Productions, Inc. Join the discussion at JBoard.tv.